[Event "Karseladze Memorial"]
[Site "Kutaisi"]
[Date "1978.??.??"]
[Round "?"]
[White "Dolmatov, Sergey V"]
[Black "Gurgenidze, Bukhuti I"]
[Result "1/2-1/2"]
[WhiteElo "2495"]
[BlackElo "2510"]
[PlyCount "53"]
[EventDate "1978.??.??"]
[Source "www.chesslib.no"]
[SourceDate "2004.05.04"]

1. e4 c6 2. d4 d5 3. exd5 cxd5 4. c4 Nf6 5. Nc3 g6 6. Qb3 Bg7 7. cxd5 O-O 8. Be2 Nbd7 9. Bf3 Nb6 10. Bg5 Bf5 11. Rd1 a5 12. Nge2 a4 13. Qb5 Bd7 14. Qb4 Re8 15. O-O h6 16. Bxf6 exf6 17. d6 Bf8 18. Bxb7 Rb8 19. Bf3 f5 20. d5 Qf6 21. Qd4 Qxd6 22. b3 axb3 23. axb3 Nc8 24. Qd3 Rxb3 25. Nd4 Ra3 26. Nc2 Rb3 27. Nd4 1/2-1/2

[Event "Tungsram"]
[Site "Budapest"]
[Date "1977.??.??"]
[Round "?"]
[White "Pinter, Jozsef"]
[Black "Bronstein, David I"]
[Result "1/2-1/2"]
[WhiteElo "2445"]
[BlackElo "2560"]
[PlyCount "233"]
[EventDate "1977.08.??"]
[Source "ChessBase"]

1. e4 c6 2. d4 d5 3. exd5 cxd5 4. c4 Nf6 5. Nc3 g6 6. Qb3 Bg7 7. cxd5 O-O 8. Be2 Nbd7 9. Bg5 Nb6 10. Bf3 a5 11. Rd1 a4 12. Qb5 Ne8 13. Nge2 Nd6 14. Qb4 Bd7 15. O-O Nbc8 16. Ng3 Re8 17. Rfe1 h6 18. Bf4 Qb6 19. Qc5 Qa5 20. Qxa5 Rxa5 21. Nge4 g5 22. Be5 Rd8 23. Ng3 Bf8 24. h3 Ne8 25. Nge4 Ncd6 26. Nc5 Bf5 27. Re2 a3 28. g4 Bg6 29. b4 Ra7 30. N3a4 Nc4 31. Rc1 Ned6 32. Nc3 b6 33. Nb3 Raa8 34. Kg2 Nb2 35. Rh1 Nd3 36. h4 Rac8 37. Na4 Nc4 38. Bg3 Nxb4 39. Nd2 b5 40. Nxc4 Rxc4 41. Nb6 Rc3 42. hxg5 hxg5 43. Re3 Nd3 44. d6 e6 45. d7 b4 46. d5 Nf4+ 47. Bxf4 gxf4 48. Re2 b3 49. axb3 Rxb3 50. dxe6 fxe6 51. Rxe6 Bf7 52. Re8 Rxe8 53. dxe8=Q Bxe8 54. Bd5+ Bf7 55. Bxb3 Bxb3 56. Kf3 a2 57. Ra1 Bg7 58. Rxa2 Bxa2 59. Kxf4 Bd4 60. Nd7 Bxf2 61. Nf6+ Kf7 62. Ne4 Bb6 63. Ng5+ Kg6 64. Nf3 Bc7+ 65. Ke3 Be6 66. g5 Bd5 67. Ne1 Kxg5 68. Kd4 Bf7 69. Nd3 Kf5 70. Kc3 Ke4 71. Nb2 Be5+ 72. Kc2 Bg6 73. Kb3 Kd5 74. Na4 Kc6 75. Nb2 Kb5 76. Nd1 Bf7+ 77. Kc2 Kb4 78. Kd3 Bg6+ 79. Ke3 Kc5 80. Nf2 Kd5 81. Nh3 Bd4+ 82. Kf4 Be8 83. Ng5 Bb6 84. Nf3 Bc7+ 85. Ke3 Bg3 86. Ng5 Bh5 87. Nf3 Bc7 88. Kf2 Ke4 89. Nh4 Kf4 90. Ng2+ Ke4 91. Nh4 Be8 92. Ng2 Bc6 93. Ne1 Bb5 94. Ng2 Bd6 95. Nh4 Kf4 96. Ng2+ Kf5 97. Ne3+ Kg5 98. Ng2 Bc6 99. Ne1 Kg4 100. Ke3 Bc5+ 101. Kd3 Bf2 102. Nc2 Kf4 103. Na3 Bh4 104. Kd4 Be8 105. Nc4 Bf7 106. Kc5 Bf2+ 107. Kb4 Bd4 108. Kb5 Bh5 109. Kc6 Bf3+ 110. Kc7 Kf5 111. Na5 Ke6 112. Nb7 Ke7 113. Na5 Bf2 114. Nc6+ Ke6 115. Na5 Bg3+ 116. Kb6 Bf2+ 117. Kc7 1/2-1/2

[Event "Nice ol (Men)"]
[Site "Nice FRA"]
[Date "1974.??.??"]
[Round "12"]
[White "Dueball, Juergen"]
[Black "Csom, Istvan"]
[Result "1/2-1/2"]
[WhiteElo "2455"]
[BlackElo "2540"]
[PlyCount "59"]
[EventDate "1974.06.06"]
[Source "www.chesslib.no"]
[SourceDate "2004.05.04"]

1. e4 c6 2. d4 g6 3. c4 d5 4. exd5 cxd5 5. Nc3 Nf6 6. cxd5 Bg7 7. Bb5+ Bd7 8. Bc4 O-O 9. Nf3 Na6 10. O-O Nc7 11. Bf4 b5 12. Bxc7 Qxc7 13. Bxb5 Bxb5 14. Nxb5 Qb7 15. Qe2 Nxd5 16. Nc3 Nf4 17. Qd2 Bh6 18. Qc2 Rab8 19. Rab1 Rfd8 20. Rfd1 Bg7 21. Ne2 Rbc8 22. Qd2 Ne6 23. Qd3 Rd6 24. b3 Rcd8 25. Qe3 Qb4 26. Rbc1 Nxd4 27. Nfxd4 Bxd4 28. Nxd4 Rxd4 29. Rxd4 Rxd4 30. Qe5 1/2-1/2

[Event "JUG-ch53"]
[Site "Belgrade "]
[Date "1998.03.17"]
[Round "4"]
[White "Velimirovic, Dragoljub"]
[Black "Ivanisevic, Ivan"]
[Result "1-0"]
[WhiteElo "2535"]
[BlackElo "2460"]
[PlyCount "167"]
[EventDate "1998.03.14"]
[Source "ChessBase"]
[SourceDate "1998.06.15"]

1. e4 c6 2. d4 d5 3. exd5 cxd5 4. c4 Nf6 5. Nc3 g6 6. cxd5 Bg7 7. Bc4 O-O 8. Nge2 Na6 9. O-O Nc7 10. Nf4 Rb8 11. a4 b6 12. Re1 a6 13. Qe2 Re8 14. Bd2 Bb7 15. Qd3 Qd7 16. Re5 Ba8 17. h3 b5 18. axb5 axb5 19. Bb3 b4 20. Ba4 Qd8 21. Bxe8 bxc3 22. Bxf7+ Kxf7 23. bxc3 Nfxd5 24. Re2 Rb2 25. Rae1 Bh6 26. Nxg6 hxg6 27. Bxh6 Rb3 28. Bg5 Rxc3 29. Rxe7+ Nxe7 30. Qxc3 Ne6 31. Qe3 Qd5 32. f3 Nf5 33. Qe4 Qxd4+ 34. Qxd4 Nfxd4 35. Be3 Nf5 36. Kf2 Bd5 37. g4 Nh4 38. f4 Kf6 39. Rd1 Be4 40. Kg3 Nf3 41. Rf1 Nfd4 42. Re1 Nc2 43. Re2 Bd3 44. Rd2 Nxe3 45. Rxd3 Nc4 46. h4 Nb6 47. Kf3 Nc8 48. Rd7 Ne7 49. Ra7 Nc5 50. Ra5 Nd3 51. Rb5 Ke6 52. h5 gxh5 53. gxh5 Ng8 54. Rb3 Nc5 55. Rb5 Nd7 56. Kg4 Kf6 57. Rf5+ Kg7 58. Rg5+ Kf7 59. Ra5 Ndf6+ 60. Kg5 Nh7+ 61. Kf5 Nh6+ 62. Ke5 Ng4+ 63. Ke4 Ngf6+ 64. Kf3 Kg7 65. Kg3 Kh6 66. Kh4 Nf8 67. Rg5 Kh7 68. Rg1 Kh6 69. f5 Kh7 70. Kg5 Ne4+ 71. Kf4 Nf6 72. Ra1 N8d7 73. Kg5 Ne4+ 74. Kf4 Nef6 75. Re1 Nxh5+ 76. Kg5 Nhf6 77. Re7+ Kg8 78. Kg6 Ng4 79. Re8+ Nf8+ 80. Kg5 Nh2 81. Kf4 Kf7 82. Re2 Nf1 83. Rf2 Kf6 84. Rxf1 1-0

[Event "Barbera del Valles"]
[Site "?"]
[Date "2004.??.??"]
[Round "?"]
[White "Moskalenko, V."]
[Black "Borges Mateos, J."]
[Result "0-1"]
[WhiteElo "2540"]
[BlackElo "2455"]
[PlyCount "62"]
[EventDate "2004.??.??"]
[Source "Chess Informant"]
[SourceDate "2004.06.01"]

1. c4 c6 2. e4 d5 3. exd5 cxd5 4. d4 Nf6 5. Nc3 g6 6. Nf3 Bg7 7. Bg5 Ne4 8. cxd5 Nxg5 9. Nxg5 e5 10. Nf3 exd4 11. Nxd4 O-O 12. Qd2 Qb6 13. Rd1 Rd8 14. Be2 Nc6 15. Ndb5 Nb4 16. a3 a6 17. Na4 Qa5 18. Nbc3 Bd7 19. axb4 Qxb4 20. Ra1 Re8 21. Nd1 Rxe2+ 22. Kxe2 Qg4+ 23. Kf1 Bxa4 24. h3 Qh4 25. Nc3 Bb3 26. g3 Qh5 27. Qe2 Qf5 28. Ra3 Bxc3 29. bxc3 Bxd5 30. Rg1 Qb1+ 31. Qe1 Qb5+ 0-1

[Event "HUN-ch"]
[Site "Budapest"]
[Date "1976.??.??"]
[Round "2"]
[White "Sax, Gyula"]
[Black "Vadasz, Laszlo"]
[Result "1/2-1/2"]
[WhiteElo "2530"]
[BlackElo "2465"]
[PlyCount "43"]
[EventDate "1976.12.??"]
[Source "ChessBase"]

1. e4 c6 2. d4 d5 3. exd5 cxd5 4. c4 Nf6 5. Nc3 g6 6. cxd5 Bg7 7. Bb5+ Nbd7 8. d6 e6 9. Nf3 a6 10. Be2 Qb6 11. O-O Qxd6 12. a4 O-O 13. b3 Re8 14. Qd2 b6 15. Ba3 Qb8 16. Rfe1 Bb7 17. Ne5 Bf8 18. Bxf8 Rxf8 19. Bf3 Bxf3 20. Nxf3 Rd8 21. Qg5 Qd6 22. Ne4 1/2-1/2

[Event "Tel Aviv"]
[Site "Tel Aviv"]
[Date "2002.08.11"]
[Round "1"]
[White "Gofshtein, Leonid D"]
[Black "Erenburg, Sergey"]
[Result "1/2-1/2"]
[WhiteElo "2519"]
[BlackElo "2475"]
[PlyCount "38"]
[EventDate "2002.08.11"]
[Source "ChessBase"]
[SourceDate "2002.09.11"]

1. e4 c6 2. d4 d5 3. exd5 cxd5 4. c4 Nf6 5. Nc3 g6 6. Qb3 Bg7 7. cxd5 O-O 8. Nge2 Nbd7 9. g3 Nb6 10. Bg2 Bf5 11. Nf4 a5 12. Qd1 Qd7 13. h3 h5 14. O-O Nc4 15. Re1 Nd6 16. Kh2 b5 17. Nd3 b4 18. Ne5 Qc7 19. Ne2 Bc2 1/2-1/2

[Event "Mind Sports Games - Blitz Team"]
[Site "Pechino CINA"]
[Date "2008.10.13"]
[Round "6"]
[White "Schneider, Dm"]
[Black "Mahjoob, M."]
[Result "0-1"]
[WhiteElo "2487"]
[BlackElo "2507"]
[PlyCount "75"]
[EventDate "2008.10.13"]
[Source "www.chesslib.no"]
[SourceDate "2004.05.04"]

1. e4 c6 2. d4 d5 3. exd5 cxd5 4. c4 Nf6 5. Nc3 g6 6. cxd5 Bg7 7. Bc4 O-O 8. Nf3 Nbd7 9. d6 exd6 10. O-O Nb6 11. Bb3 Bf5 12. Re1 Rc8 13. Bg5 h6 14. Bh4 Qd7 15. h3 g5 16. Bg3 Rc4 17. Qe2 Rfc8 18. Qe7 R4c6 19. Nb5 Rf8 20. Nxd6 Nc4 21. Nxc4 Be6 22. Nfe5 Qd6 23. Nxd6 Nh5 24. Nxb7 Rc1 25. Raxc1 Nf4 26. Nc6 Bd5 27. Bxf4 gxf4 28. Nc5 Kh7 29. Red1 Be4 30. Nxe4 f3 31. Rc4 fxg2 32. Kxg2 a5 33. Nd6 Kg6 34. Ne4 Kh7 35. Ng3 Bxd4 36. Ne2 Rg8+ 37. Kf1 Re8 38. Rcc1 0-1

[Event "Polish Extraleague"]
[Site "Lubniewice"]
[Date "2003.08.30"]
[Round "1"]
[White "Koziak, Vitali"]
[Black "Jakubiec, Artur"]
[Result "0-1"]
[WhiteElo "2455"]
[BlackElo "2537"]
[PlyCount "152"]
[EventDate "2003.08.30"]
[Source "Roberto Alvarez"]
[SourceDate "2003.09.15"]

1. e4 c6 2. d4 d5 3. exd5 cxd5 4. c4 Nf6 5. Nc3 g6 6. Qb3 Bg7 7. cxd5 O-O 8. Be2 Nbd7 9. Bf3 Nb6 10. h3 Bf5 11. Nge2 Bd3 12. d6 exd6 13. Bxb7 Rb8 14. Bf3 Nc4 15. Qd1 Nxb2 16. Qd2 Qb6 17. O-O Bf5 18. Ng3 Nc4 19. Qd1 Be6 20. d5 Bd7 21. Rb1 Qa5 22. Rb3 Rbc8 23. Re1 Rfe8 24. Rxe8+ Nxe8 25. Nge2 Ne5 26. Be4 Nf6 27. Bb1 Nc4 28. Qd3 Bf5 29. Qd1 Bd7 30. Qd3 h6 31. Qd1 Be8 32. Qd3 Nd7 33. Kh2 Ndb6 34. Qe4 Qc5 35. Qf3 Kh8 36. Bf4 f5 37. g4 Ne5 38. Bxe5 Bxe5+ 39. Kh1 Nc4 40. gxf5 Nd2 41. Ne4 Nxf3 42. Nxc5 Nd2 43. Ne6 Nxb3 44. axb3 Bb5 45. N6d4 Ba6 46. Kg2 Rc5 47. Be4 gxf5 48. Bf3 Bxe2 49. Nxe2 Kg7 50. Kf1 Rb5 51. Nc1 Bb2 52. Nd3 Rxb3 53. Ke2 Be5 54. Bh5 a5 55. Be8 f4 56. Kd2 Kf6 57. Kc2 Rb8 58. Bd7 Rb7 59. Bc6 Ra7 60. Kb3 Kf5 61. f3 Bd4 62. Kc4 Be3 63. Nb2 Kg5 64. Kb5 Kh4 65. Ka4 Kxh3 66. Nc4 Bc5 67. Be8 Kg3 68. Bh5 Kh4 69. Bg6 Bb4 70. Kb5 Rc7 71. Nb6 Rc3 72. Be4 Kg5 73. Nd7 Rc8 74. Nb6 Rc5+ 75. Ka4 h5 76. Nd7 Rc8 0-1